Phare Cross-Border Cooperation Programme

Salvato in:
Dettagli Bibliografici
Natura: Libro
Lingua:inglese
Pubblicazione: Brussels European Commission [1996]
Edizione:1. ed.
Soggetti:
Tags: Aggiungi Tag
Nessun Tag, puoi essere il primo ad aggiungerne!!

MARC

LEADER 00000nam a2200000 4500
001 c014169
005 20221205125531.0
041 0 |a eng 
044 |a BE 
245 1 0 |a Phare Cross-Border Cooperation Programme 
250 |a 1. ed. 
264 1 |a Brussels  |b European Commission  |c [1996] 
300 |a 24 s. 
610 2 0 |a Európska únia 
610 2 0 |a pomoc rozvojová 
610 2 0 |a kooperácia hospodárska medzinárodná 
610 2 0 |a organizácie ekonomické medzinárodné 
610 2 0 |a programy rozvojové 
610 2 0 |a Phare